000
00306nam a22001337a 4500
020
_a
9788184653328
082
_a
230
100
_a
Gnanapragasam, Patrick
245
_a
Wings of Faith: Towards public Theologies in India
250
_a
2013
260
_a
Delhi
_b
ISPCK
_c
2013
300
_a
264
942
_c
BK
999
_c
19860
_d
19860